[Event "HUN-chT2 Maroczy 1819"]
[Site "Hungary"]
[Date "2019.04.28"]
[Round "11.10"]
[White "Lakatos, Alfred"]
[Black "Cozma Callini, Adrian"]
[Result "0-1"]
[WhiteElo "1564"]
[BlackElo "2038"]
[PlyCount "116"]
[EventDate "2018.09.23"]
[EventType "team-tourn"]
[EventRounds "11"]
[EventCountry "HUN"]
[SourceTitle "EXT 2021"]
[Source "ChessBase"]
[SourceDate "2020.10.23"]
[SourceVersion "1"]
[SourceVersionDate "2020.10.23"]
[SourceQuality "1"]
[WhiteTeam "Szeged Maroczy II"]
[BlackTeam "Kisujszallas"]
[WhiteTeamCountry "HUN"]
[BlackTeamCountry "HUN"]

1. Nf3 e6 2. d4 f5 3. d5 d6 4. c4 e5 5. e4 f4 6. Nxe5 Qe7 7. Nd3 Qxe4+ 8. Qe2 Nf6 9. Qxe4+ Nxe4 10. f3 Nf6 11. Bxf4 g6 12. Nc3 Bg7 13. Nb5 Na6 14. Nxc7+ Nxc7 15. Bxd6 Ncxd5 16. cxd5 Nxd5 17. Be5 0-0 18. 0-0-0 Bf5 19. Bxg7 Kxg7 20. g4 Rac8+ 21. Kb1 Ne3 22. gxf5 Nxd1 23. Bh3 Ne3 24. Nf4 Nxf5 25. Ne6+ Kf6 26. Nxf8 Rxf8 27. Rd1 Rf7 28. Bxf5 Kxf5 29. Kc2 Rc7+ 30. Kd2 Rd7+ 31. Ke2 Rxd1 32. Kxd1 Kf4 33. Ke2 g5 34. Kf2 b6 35. b3 a6 36. a3 a5 37. a4 h6 38. Ke2 g4 39. fxg4 Kxg4 40. Kd3 Kh3 41. Kc4 Kxh2 42. Kb5 h5 43. Kxb6 h4 44. Kxa5 h3 45. b4 Kg1 46. b5 h2 47. Ka6 h1Q 48. a5 Qa8+ 49. Kb6 Kf2 50. a6 Ke3 51. Kc7 Kd4 52. b6 Qxa6 53. b7 Qc4+ 54. Kb6 Qc5+ 55. Ka6 Qc7 56. Ka7 Kd5 57. Ka8 Qa5+ 58. Kb8 Kc6 0-1

[Event "HUN-chT2 Maroczy 1718"]
[Site "Hungary"]
[Date "2018.02.18"]
[Round "6.10"]
[White "Pribelszky, Bence Daniel"]
[Black "Cozma Callini, Adrian"]
[Result "1-0"]
[WhiteElo "2162"]
[BlackElo "2054"]
[PlyCount "163"]
[EventDate "2017.10.29"]
[EventType "team-tourn"]
[EventRounds "9"]
[EventCountry "HUN"]
[SourceTitle "EXT 2021"]
[Source "ChessBase"]
[SourceDate "2020.10.23"]
[SourceVersion "1"]
[SourceVersionDate "2020.10.23"]
[SourceQuality "1"]
[WhiteTeam "Miskolc KisBocsok"]
[BlackTeam "Kisujszallas"]
[WhiteTeamCountry "HUN"]
[BlackTeamCountry "HUN"]

1. e4 Nf6 2. e5 Nd5 3. d4 d6 4. c4 Nb6 5. exd6 exd6 6. Nc3 Be7 7. Nf3 Bf5 8. Bd3 Bxd3 9. Qxd3 0-0 10. 0-0 Bf6 11. Bf4 Nc6 12. b3 h6 13. Rfd1 Ne7 14. Rac1 Qd7 15. Bg3 Rad8 16. Ne4 Qf5 17. c5 Nbc8 18. cxd6 cxd6 19. Rc7 b6 20. d5 g5 21. Nd4 Qg6 22. Nb5 Nf5 23. Nxa7 Nxg3 24. hxg3 Nxa7 25. Rxa7 Rfe8 26. Nxf6+ Qxf6 27. Qb5 Re5 28. Qxb6 Rde8 29. Qa5 Re2 30. Rf1 Rc8 31. Ra8 Rxa8 32. Qxa8+ Kg7 33. Qa6 Rb2 34. Qa7 Qe5 35. Rd1 Qe2 36. Qd4+ Kg8 37. Rc1 Rxa2 38. Qf6 Rc2 39. Ra1 Ra2 40. Rc1 Rc2 41. Ra1 Ra2 42. Rf1 Rd2 43. Qxh6 Rxd5 44. Rc1 Rd1+ 45. Kh2 Rxc1 46. Qxg5+ Kf8 47. Qxc1 Qxf2 48. b4 Qb6 49. Qa3 d5 50. b5+ Kg7 51. Qa6 Qe3 52. Qd6 Qd3 53. Qe5+ Kf8 54. Qh8+ Ke7 55. b6 Qb1 56. Qe5+ Kf8 57. Qd6+ Kg7 58. Qe5+ Kf8 59. Qd4 Qh7+ 60. Qh4 Qb1 61. Qd8+ Kg7 62. Kh3 Qh7+ 63. Qh4 Qb1 64. Qd4+ Kf8 65. Kg4 Qg6+ 66. Kf3 Qf5+ 67. Ke3 Qe6+ 68. Kd2 Qh6+ 69. Kc3 Qc6+ 70. Kb4 Ke8 71. Qc5 Kd7 72. Qxc6+ Kxc6 73. b7 Kxb7 74. Kc5 Kc7 75. Kxd5 Kd7 76. Ke5 Ke7 77. Kf5 Kf8 78. Kf6 Kg8 79. g4 Kf8 80. g5 Kg8 81. g6 Kf8 82. g7+ 1-0

[Event "HUN-chT2 Maroczy 1112"]
[Site "Hungary"]
[Date "2012.01.29"]
[Round "5"]
[White "Cozma Callini, Adrian"]
[Black "Molnar, Milan"]
[Result "1-0"]
[WhiteElo "2072"]
[BlackElo "1830"]
[PlyCount "91"]
[EventDate "2011.09.25"]
[EventType "team-tourn"]
[EventRounds "11"]
[EventCountry "HUN"]
[SourceTitle "EXT 2013"]
[Source "ChessBase"]
[SourceDate "2012.11.22"]
[SourceVersion "1"]
[SourceVersionDate "2012.11.22"]
[SourceQuality "1"]
[WhiteTeam "Kisujszallas"]
[BlackTeam "Miskolc EMSE"]
[WhiteTeamCountry "HUN"]
[BlackTeamCountry "HUN"]

1. c4 e5 2. Nc3 Nf6 3. Nf3 Nc6 4. g3 Bc5 5. Bg2 a6 6. a3 d6 7. 0-0 h6 8. b4 Bd4 9. Bb2 Rb8 10. e3 Bxc3 11. Bxc3 Be6 12. d3 0-0 13. Qe2 b5 14. Nd2 Qd7 15. Rac1 Rfe8 16. Bb2 d5 17. cxb5 axb5 18. Nb3 Qd6 19. Qc2 Rb6 20. Nc5 Bf5 21. e4 Bg6 22. Rce1 d4 23. h3 Nd7 24. f4 f6 25. Kh2 Rbb8 26. Rc1 Ne7 27. Nxd7 Qxd7 28. Qxc7 Qd8 29. fxe5 fxe5 30. Qxe5 Nf5 31. Qd5+ Qxd5 32. exd5 Ne3 33. Rf2 Bxd3 34. Bxd4 Nxg2 35. Rxg2 Bc4 36. d6 Rbd8 37. Bc5 Re5 38. Rd2 Be6 39. Bb6 Ra8 40. Rc3 Ra6 41. Ba5 Ra8 42. d7 Bxd7 43. Rxd7 Re2+ 44. Kg1 Rf8 45. g4 Re1+ 46. Kg2 1-0

[Event "HUN-chT2 Maroczy 1011"]
[Site "Hungary"]
[Date "2011.05.15"]
[Round "11"]
[White "Botragyi, Tibor"]
[Black "Cozma Callini, Adrian"]
[Result "1-0"]
[WhiteElo "2144"]
[BlackElo "2074"]
[PlyCount "93"]
[EventDate "2010.09.12"]
[EventType "team-tourn"]
[EventRounds "11"]
[EventCountry "HUN"]
[SourceTitle "EXT 2012"]
[Source "ChessBase"]
[SourceDate "2011.11.24"]
[SourceVersion "1"]
[SourceVersionDate "2011.11.24"]
[SourceQuality "1"]
[WhiteTeam "Debrecen SBE"]
[BlackTeam "Kisujszallas"]
[WhiteTeamCountry "HUN"]
[BlackTeamCountry "HUN"]

1. e4 Nf6 2. e5 Nd5 3. c4 Nb6 4. d4 d6 5. exd6 cxd6 6. Nc3 Bf5 7. Bd3 Qc8 8. b3 Nc6 9. Bxf5 Qxf5 10. Nf3 g6 11. Be3 Bg7 12. 0-0 0-0 13. Qd2 d5 14. c5 Nd7 15. Bh6 Nf6 16. Bxg7 Kxg7 17. Rfe1 Ne4 18. Qe3 Nxc3 19. Qxc3 a5 20. a3 Qd7 21. b4 a4 22. Ne5 Nxe5 23. Rxe5 e6 24. Qd3 b5 25. f4 Qc6 26. g4 f6 27. Re3 Rae8 28. Rae1 Re7 29. Qe2 Rfe8 30. g5 f5 31. h4 Qc7 32. Qh2 Qd7 33. Rh3 Rg8 34. Kf2 Kf8 35. h5 Qe8 36. Rh1 Qd7 37. Kf3 Qe8 38. Qe2 Qb8 39. hxg6 hxg6 40. Rh7 Rgg7 41. Rh8+ Rg8 42. R1h6 Qe8 43. Qe5 Reg7 44. R6h7 Qe7 45. Rxg8+ Kxg8 46. Rxg7+ Qxg7 47. Qxg7+ 1-0

[Event "HUN-chT2 Maroczy 1011"]
[Site "Hungary"]
[Date "2010.09.26"]
[Round "2"]
[White "Bernath, Robert"]
[Black "Cozma Callini, Adrian"]
[Result "1-0"]
[WhiteElo "2127"]
[BlackElo "2074"]
[PlyCount "65"]
[EventDate "2010.09.12"]
[EventType "team-tourn"]
[EventRounds "11"]
[EventCountry "HUN"]
[SourceTitle "EXT 2012"]
[Source "ChessBase"]
[SourceDate "2011.11.24"]
[SourceVersion "1"]
[SourceVersionDate "2011.11.24"]
[SourceQuality "1"]
[WhiteTeam "Maroczy"]
[BlackTeam "Kisujszallas"]
[WhiteTeamCountry "HUN"]
[BlackTeamCountry "HUN"]

1. e4 Nf6 2. e5 Nd5 3. d4 d6 4. c4 Nb6 5. f4 dxe5 6. fxe5 c5 7. d5 e6 8. Nc3 exd5 9. cxd5 c4 10. Nf3 Bg4 11. Bxc4 Nxc4 12. Qa4+ Nd7 13. Qxc4 Bxf3 14. gxf3 Nxe5 15. Qe4 Bd6 16. f4 0-0 17. fxe5 Bxe5 18. 0-0 Qd6 19. Bf4 Rae8 20. Bxe5 Rxe5 21. Qf4 f6 22. Qf2 b5 23. Rad1 b4 24. Ne2 Rg5+ 25. Ng3 h5 26. Kh1 Rxd5 27. Nf5 Qe6 28. Ne7+ Qxe7 29. Rxd5 g5 30. Qf5 Rf7 31. Rfd1 g4 32. Qg6+ Kh8 33. Rxh5+ 1-0

[Event "HUN-chT2 Toth 0910"]
[Site "Hungary"]
[Date "2010.05.02"]
[Round "11.6"]
[White "Cozma Callini, Adrian"]
[Black "Nagy, Zoltan"]
[Result "1/2-1/2"]
[WhiteElo "2110"]
[BlackElo "2007"]
[PlyCount "126"]
[EventDate "2009.11.08"]
[EventType "team-tourn"]
[EventRounds "11"]
[EventCountry "HUN"]
[SourceTitle "EXT 2011"]
[Source "ChessBase"]
[SourceDate "2010.11.26"]
[SourceVersion "1"]
[SourceVersionDate "2010.11.26"]
[SourceQuality "1"]
[WhiteTeam "Kisujszallas"]
[BlackTeam "Maroczy II"]
[WhiteTeamCountry "HUN"]
[BlackTeamCountry "HUN"]

1. c4 e5 2. Nc3 Nf6 3. g3 Bc5 4. Bg2 0-0 5. e3 c6 6. Qb3 d6 7. Nge2 Bb6 8. 0-0 Be6 9. d4 exd4 10. exd4 Re8 11. h3 Nbd7 12. Be3 Rb8 13. Rac1 Nf8 14. Na4 Bc7 15. d5 Bd7 16. Nac3 c5 17. Qc2 Qc8 18. Kh2 a6 19. a4 Kh8 20. b3 Bf5 21. Qd1 h6 22. Ng1 Ng8 23. g4 Bh7 24. Bf4 Qd7 25. Qf3 Bd8 26. Qg3 Ng6 27. Nf3 Nxf4 28. Qxf4 Bf6 29. Kg1 Ne7 30. Qd2 Ng6 31. Rce1 Rxe1 32. Rxe1 Ne5 33. Nxe5 Bxe5 34. f4 Bd4+ 35. Kh1 Re8 36. Rxe8+ Qxe8 37. Qe2 Qxe2 38. Nxe2 Bc2 39. Nxd4 cxd4 40. b4 d3 41. Be4 Bxa4 42. Bxd3 Bb3 43. Kg1 Kg8 44. Kf2 Kf8 45. Ke3 Ke7 46. Kd4 b6 47. c5 bxc5+ 48. bxc5 dxc5+ 49. Kxc5 a5 50. d6+ Kd8 51. Bb5 f6 52. h4 g5 53. fxg5 fxg5 54. hxg5 hxg5 55. Bd3 a4 56. Kd4 a3 57. Bb1 Bd1 58. Ke5 Bxg4 59. Kf6 Bd1 60. Kxg5 Kd7 61. Kf4 Kxd6 62. Ke3 Kc5 63. Kd2 Bg4 1/2-1/2

[Event "HUN-chT2 Toth 0910"]
[Site "Hungary"]
[Date "2010.04.18"]
[Round "10.6"]
[White "Agoston, Aron"]
[Black "Cozma Callini, Adrian"]
[Result "1-0"]
[WhiteElo "2023"]
[BlackElo "2110"]
[PlyCount "71"]
[EventDate "2009.11.08"]
[EventType "team-tourn"]
[EventRounds "11"]
[EventCountry "HUN"]
[SourceTitle "EXT 2011"]
[Source "ChessBase"]
[SourceDate "2010.11.26"]
[SourceVersion "1"]
[SourceVersionDate "2010.11.26"]
[SourceQuality "1"]
[WhiteTeam "Mako II"]
[BlackTeam "Kisujszallas"]
[WhiteTeamCountry "HUN"]
[BlackTeamCountry "HUN"]

1. e4 Nf6 2. e5 Nd5 3. d4 d6 4. exd6 cxd6 5. Nf3 e6 6. Be2 Be7 7. 0-0 0-0 8. c4 Nf6 9. Nc3 b6 10. h3 Bb7 11. Be3 d5 12. c5 Nc6 13. Bb5 bxc5 14. dxc5 Nd7 15. Bxc6 Bxc6 16. b4 Rb8 17. Rb1 a6 18. Bf4 Rc8 19. Re1 Re8 20. Qd3 Bf6 21. Ne5 Bxe5 22. Bxe5 Nxe5 23. Rxe5 Qc7 24. Re2 Qa7 25. a4 Bd7 26. Qd4 a5 27. Nb5 Bxb5 28. axb5 axb4 29. b6 Qe7 30. Rc2 Rc6 31. Rxb4 Ra8 32. b7 Rb8 33. Ra2 Rxc5 34. Ra8 Rc1+ 35. Kh2 Qd6+ 36. Qf4 1-0

[Event "HUN-chT2 Toth 0910"]
[Site "Hungary"]
[Date "2009.12.20"]
[Round "4.7"]
[White "Cozma Callini, Adrian"]
[Black "Gosztolya, Ferenc"]
[Result "1/2-1/2"]
[WhiteElo "2110"]
[BlackElo "2081"]
[PlyCount "83"]
[EventDate "2009.11.08"]
[EventType "team-tourn"]
[EventRounds "11"]
[EventCountry "HUN"]
[SourceTitle "EXT 2011"]
[Source "ChessBase"]
[SourceDate "2010.11.26"]
[SourceVersion "1"]
[SourceVersionDate "2010.11.26"]
[SourceQuality "1"]
[WhiteTeam "Kisujszallas"]
[BlackTeam "Bekes"]
[WhiteTeamCountry "HUN"]
[BlackTeamCountry "HUN"]

1. Nf3 c5 2. c4 Nc6 3. Nc3 e5 4. e4 g6 5. d3 Bg7 6. Be2 Nge7 7. 0-0 d6 8. Nd5 Nxd5 9. cxd5 Ne7 10. b4 b6 11. Rb1 0-0 12. Nd2 Qc7 13. bxc5 bxc5 14. Nc4 Ba6 15. Bd2 Bxc4 16. dxc4 f5 17. Bf3 Rfb8 18. Qc2 Rxb1 19. Rxb1 Rb8 20. Bg5 Rxb1+ 21. Qxb1 fxe4 22. Bxe4 Nc8 23. Qb5 Bf8 24. Qe8 Nb6 25. Bd3 Qc8 26. Qb5 Kf7 27. h3 Be7 28. Bd2 Qe8 29. Qb3 Qa4 30. f3 Qd7 31. Bc2 Qd8 32. a4 Bg5 33. Be1 Qb8 34. Qb5 Ke7 35. a5 Nd7 36. Qc6 Kd8 37. Ba4 Qc7 38. Qb5 Kc8 39. Qa6+ Kd8 40. Qb5 Kc8 41. a6 Bd8 42. Bd2 1/2-1/2

[Event "HUN-chT2 Toth 0809"]
[Site "Hungary"]
[Date "2009.04.05"]
[Round "10.6"]
[White "Hajdu, Istvan"]
[Black "Cozma Callini, Adrian"]
[Result "1/2-1/2"]
[WhiteElo "2077"]
[BlackElo "2077"]
[PlyCount "36"]
[EventDate "2008.10.26"]
[EventType "tourn"]
[EventRounds "11"]
[EventCountry "HUN"]
[SourceTitle "EXT 2010"]
[Source "ChessBase"]
[SourceDate "2010.11.25"]
[SourceVersion "1"]
[SourceVersionDate "2010.11.25"]
[SourceQuality "1"]
[WhiteTeam "Szentes"]
[BlackTeam "Kisujszallas"]
[WhiteTeamCountry "HUN"]
[BlackTeamCountry "HUN"]

1. e4 Nf6 2. e5 Nd5 3. d4 d6 4. Nf3 Bg4 5. Be2 e6 6. 0-0 Be7 7. c4 Nb6 8. h3 Bh5 9. Be3 0-0 10. Nbd2 Nc6 11. exd6 cxd6 12. Rc1 Rc8 13. a3 d5 14. c5 Nd7 15. b4 a6 16. Re1 e5 17. Nxe5 Ndxe5 18. dxe5 Bxe2 1/2-1/2

[Event "HUN-chT2 Toth 0607"]
[Site "Hungary"]
[Date "2007.05.06"]
[Round "10"]
[White "Cozma Callini, Adrian"]
[Black "Kovacs, Adrian"]
[Result "0-1"]
[WhiteElo "2085"]
[BlackElo "2254"]
[PlyCount "62"]
[EventDate "2006.11.12"]
[EventType "team-tourn"]
[EventRounds "11"]
[EventCountry "HUN"]
[SourceTitle "EXT 2025"]
[Source "ChessBase"]
[SourceDate "2024.10.14"]
[SourceVersion "1"]
[SourceVersionDate "2024.10.14"]
[SourceQuality "1"]
[WhiteTeam "Pladany MAV"]
[BlackTeam "Kecskemet Takisz"]
[WhiteTeamCountry "HUN"]
[BlackTeamCountry "HUN"]

1. c4 Nf6 2. b3 c5 3. Bb2 b6 4. Nc3 Bb7 5. e3 e6 6. Nf3 Be7 7. Be2 0-0 8. 0-0 Nc6 9. d4 cxd4 10. Nxd4 Ne5 11. Nf3 Nc6 12. Nd4 Nxd4 13. Qxd4 Rc8 14. Rfd1 Rc5 15. f4 Qa8 16. Kf2 Rf5 17. g3 Rd8 18. Qd3 h5 19. h3 Bc5 20. a3 h4 21. b4 hxg3+ 22. Kxg3 Be7 23. Kh2 d5 24. Bg4 d4 25. Ne2 Be4 26. Qd2 Nxg4+ 27. hxg4 Rf6 28. Nxd4 Rh6+ 29. Kg3 e5 30. fxe5 Bh4+ 31. Kh2 Bf2# 0-1

[Event "HUN-chT2 Toth 0607"]
[Site "Hungary"]
[Date "2006.12.03"]
[Round "3"]
[White "Hajdu, Istvan"]
[Black "Cozma Callini, Adrian"]
[Result "1/2-1/2"]
[WhiteElo "2133"]
[BlackElo "2085"]
[PlyCount "113"]
[EventDate "2006.11.12"]
[EventType "team-tourn"]
[EventRounds "11"]
[EventCountry "HUN"]
[SourceTitle "EXT 2025"]
[Source "ChessBase"]
[SourceDate "2024.10.14"]
[SourceVersion "1"]
[SourceVersionDate "2024.10.14"]
[SourceQuality "1"]
[WhiteTeam "Szentes Spart"]
[BlackTeam "Pladany MAV"]
[WhiteTeamCountry "HUN"]
[BlackTeamCountry "HUN"]

1. e4 Nf6 2. e5 Nd5 3. d4 d6 4. Nf3 e6 5. Bd3 Be7 6. 0-0 0-0 7. c4 Nb4 8. Be2 c5 9. Qb3 dxe5 10. dxe5 N4c6 11. Re1 Nd7 12. Bd3 f5 13. exf6 Bxf6 14. Nc3 Nd4 15. Nxd4 Bxd4 16. Ne4 Ne5 17. Be3 Nxd3 18. Qxd3 Bxb2 19. Qxd8 Rxd8 20. Rad1 Bd4 21. Nxc5 e5 22. Bxd4 exd4 23. Re4 b6 24. Nb3 d3 25. f3 Bf5 26. Re5 Bg6 27. Kf2 a5 28. Nd2 Rac8 29. Re6 Bf7 30. Rxb6 Bxc4 31. Nxc4 Rxc4 32. Rb2 Rc5 33. Rbd2 Rcd5 34. Ke3 Re8+ 35. Kf2 Red8 36. a3 Kf7 37. Ke3 Re8+ 38. Kf2 Red8 39. g3 Kf6 40. Ke3 Re8+ 41. Kf2 Red8 42. h3 Kf5 43. Rc1 h5 44. Rc4 Re8 45. Rf4+ Kg6 46. Re4 Rb8 47. Ke3 Rb3 48. a4 Ra3 49. f4 Kf5 50. Kf3 Ra1 51. g4+ hxg4+ 52. hxg4+ Kf6 53. Rc4 Rd6 54. Kf2 Rh1 55. Kg2 Ra1 56. Kf2 Rh1 57. Kg2 1/2-1/2

[Event "HUN-chT2 Barcza 0405"]
[Site "Hungary"]
[Date "2005.01.23"]
[Round "6"]
[White "Cozma Callini, Adrian"]
[Black "Csolto, Tibor"]
[Result "1/2-1/2"]
[WhiteElo "2095"]
[BlackElo "2149"]
[PlyCount "89"]
[EventDate "2004.09.26"]
[EventType "team-tourn"]
[EventRounds "11"]
[EventCountry "HUN"]
[SourceTitle "EXT 2009"]
[Source "ChessBase"]
[SourceDate "2008.11.26"]
[SourceVersion "1"]
[SourceVersionDate "2008.11.26"]
[SourceQuality "1"]
[WhiteTeam "Puspokladany"]
[BlackTeam "Kazincbarcika"]
[WhiteTeamCountry "HUN"]
[BlackTeamCountry "HUN"]

1. c4 g6 2. Nc3 Bg7 3. g3 d6 4. Bg2 f5 5. d4 Nf6 6. Nf3 0-0 7. 0-0 c6 8. Qd3 Qc7 9. d5 Nbd7 10. Bg5 a5 11. Rad1 Nc5 12. Qe3 e5 13. dxe6 Nxe6 14. Bf4 Ng4 15. Qd2 Nxf4 16. Qxf4 Be5 17. Qd2 Be6 18. b3 Qg7 19. Nd4 Bf7 20. h3 Nf6 21. f4 Bxd4+ 22. Qxd4 Rad8 23. e4 fxe4 24. Nxe4 Nxe4 25. Qxg7+ Kxg7 26. Bxe4 Rfe8 27. Bf3 Re3 28. Kf2 Rc3 29. Rd2 a4 30. Rb1 axb3 31. axb3 Be6 32. g4 Kf6 33. Re2 d5 34. Rbe1 Bf7 35. g5+ Kg7 36. cxd5 cxd5 37. Re3 d4 38. Rxc3 dxc3 39. Rc1 Rc8 40. Bxb7 Rc7 41. Be4 Bxb3 42. Ke3 Ba4 43. f5 gxf5 44. Bxf5 Rc5 45. Be4 1/2-1/2